书目信息 |
| 题名: |
电气运行工人技术问答
|
|
| 作者: | ;北京电力学校 编 | |
| 分册: | ||
| 出版信息: | 北京 水利电力出版社 1976 |
|
| 页数: | 228页 | |
| 开本: | 19cm | |
| 丛书名: | ||
| 单 册: | ||
| 中图分类: | TM341 | |
| 科图分类: | ||
| 主题词: | 同步发电机--知识--问答 | |
| 电子资源: | ||
| ISBN: | ||
| 000 | 00667nam0 2200217 45 | |
| 001 | 0176000898 | |
| 005 | 20060424092509.59 | |
| 010 | @dCNY0.53 | |
| 100 | @a19951010d1976 em y0chiy0121 ea | |
| 101 | 0 | @achi |
| 102 | @aCN@b110000 | |
| 105 | @ay z 000yy | |
| 200 | 10 | @a电气运行工人技术问答@Adian qi yun hing gong ren ji shu wen da@e同步发电机@f北京电力学校编@Fbei jing dian li xue xiao bian |
| 210 | @a北京@c水利电力出版社@d1976 | |
| 215 | @a228页@d19cm | |
| 606 | @a同步发电机@x知识@x问答 | |
| 690 | @aTM341@v3 | |
| 711 | 02 | @a北京电力学校@Abei jing dian li xue xiao@4编 |
| 801 | 0 | @aCN@bTSSF@c20060424 |
| 801 | 2 | @aCN@bNLC@c20060418 |
| 905 | @a10447@dTM341@e1 | |
| 电气运行工人技术问答:同步发电机/北京电力学校编.-北京:水利电力出版社,1976 |
| 228页;19cm |
| ISBN :CNY0.53 |
| ● |
| 相关链接 |
|
|
|
|
正题名:电气运行工人技术问答
索取号:TM341/1
 
预约/预借
| 序号 | 登录号 | 条形码 | 馆藏地/架位号 | 状态 | 备注 |
| 1 | 0003148 | 202170499 | 密集书库/ [索取号:TM341/1] | 在馆 | |
| 2 | 0003149 | 202247979 | 密集书库/ [索取号:TM341/1] | 在馆 |